South West Asia Map Quiz - Statistics

General Stats
  • This quiz has been taken 1,632 times
  • The average score is 12 of 19
Answers on the Map
Answers color-coded by a green-red scale on the quiz's map according to % correct below.
 
Answer Stats
Answer % Correct
Iran
80%
Saudi Arabia
78%
Turkey
77%
Israel
69%
Oman
69%
Iraq
68%
Yemen
68%
Jordan
67%
Cyprus
64%
Syria
63%
United Arab Emirates
63%
Kuwait
61%
Lebanon
61%
Qatar
59%
Armenia
57%
Palestine
57%
Azerbaijan
55%
Georgia
55%
Bahrain
50%
No matching quizzes found
Score Distribution
Percent of People with Each Score
Percentile by Number Answered
Your Score History
You have not taken this quiz